Southville International School and Colleges
Your cart is empty.
  • Cart
  • Lists
    Public lists Eva Luna New books Lux_list list_1
    Your lists Log in to create your own lists
  • Log in to your account
  • Your cookies
  • Search history
Southville International School and Colleges
  • Advanced search
  • Recent comments
  • Most popular
  • Libraries

Log in to your account

Log in with GOOGLE


If you do not have an external account, but do have a local account, you can still log in:

  1. Home
  2. MARC view: The lays of beleriand :
Normal view MARC view ISBD view

The lays of beleriand : (Record no. 20919)

[ view plain ]
MARC details
000 -LEADER
fixed length control field 00486nam a2200169 a 4500
005 - DATE AND TIME OF LATEST TRANSACTION
control field 20140310183259.0
008 - FIXED-LENGTH DATA ELEMENTS--GENERAL INFORMATION
fixed length control field 021212s19uu xx 00 eng d
020 ## - INTERNATIONAL STANDARD BOOK NUMBER
International Standard Book Number 0345388186
050 ## - LIBRARY OF CONGRESS CALL NUMBER
Classification number PR 6039
Item number .T649lb 1994
100 ## - MAIN ENTRY--PERSONAL NAME
Personal name Tolkien, J. R. R.
245 ## - TITLE STATEMENT
Title The lays of beleriand :
Remainder of title the history of the middle earth /
Statement of responsibility, etc J. R. R. Tolkien.
260 ## - PUBLICATION, DISTRIBUTION, ETC. (IMPRINT)
Place of publication, distribution, etc U. S. A :
Name of publisher, distributor, etc Ballantine Books,
Date of publication, distribution, etc 1994.
300 ## - PHYSICAL DESCRIPTION
Extent 465 p. :
Dimensions 18 cm.
650 ## - SUBJECT ADDED ENTRY--TOPICAL TERM
Topical term or geographic name as entry element Fiction
942 ## - ADDED ENTRY ELEMENTS (KOHA)
Koha item type Books
Source of classification or shelving scheme Library of Congress Classification

No items available.

The lays of beleriand :

APA

Tolkien J. R. R., . (1994). The lays of beleriand. U. S. A: Ballantine Books.

Chicago

Tolkien J R R, . 1994. The lays of beleriand. U. S. A: Ballantine Books.

Harvard

Tolkien J. R. R., . (1994). The lays of beleriand. U. S. A: Ballantine Books.

MLA

Tolkien J R R, . The lays of beleriand. U. S. A: Ballantine Books. 1994.

  • Print
  • Cite
  • Add to your cart (remove)
  • Save record
    BIBTEX Dublin Core MARCXML MARC (non-Unicode/MARC-8) MARC (Unicode/UTF-8) MARC (Unicode/UTF-8, Standard) MODS (XML) RIS
  • More searches
    Search for this title in:
    Other Libraries (WorldCat) Other Databases (Google Scholar) Online Stores (Bookfinder.com) Open Library (openlibrary.org)

Exporting to Dublin Core...

SOUTHVILLE LIBRARY

Southville International School and Colleges Library

1281 Tropical Ave. Cor. Luxembourg St., BF Homes International, Las Pinas City

Tel. No. 8256374 / 252358 Loc. 117/146

Powered by Koha